Laboratory studies in integrated zoology / (Record no. 16632)

000 -LEADER
fixed length control field 00669nam a2200205Ia 4500
020 ## - INTERNATIONAL STANDARD BOOK NUMBER
ISBN 0801663776 (pbk.)
040 ## - CATALOGING SOURCE
Transcribing agency AKR
082 ## - DEWEY DECIMAL CLASSIFICATION NUMBER
Classification number 590 MOS 1993 A109 Or.
100 1# - MAIN ENTRY--AUTHOR NAME
Personal name Hickman, Cleveland P
245 10 - TITLE STATEMENT
Title Laboratory studies in integrated zoology /
250 ## - EDITION STATEMENT
Edition statement 8th ed. / new artwork for this edition by William C. Ober
260 ## - PUBLICATION, DISTRIBUTION, ETC. (IMPRINT)
Place of publication St. Louis :
Name of publisher Mosby,
Year of publication c1993
300 ## - PHYSICAL DESCRIPTION
Number of Pages x, 420 p. :
Other physical details ill. ;
Dimensions 28 cm
500 ## - GENERAL NOTE
General note Cover title: Laboratory studies in integrated principles of zoology
500 ## - GENERAL NOTE
General note Folded chart inserted in pocket, inside back cover
650 #0 - SUBJECT ADDED ENTRY--TOPICAL TERM
Topical Term Zoology
700 10 - ADDED ENTRY--PERSONAL NAME
Personal name Hickman, Frances Miller
700 10 - ADDED ENTRY--PERSONAL NAME
Personal name Ober, William C
942 ## - ADDED ENTRY ELEMENTS (KOHA)
Koha item type សៀវភៅភាសាអង់គ្លេស
952 ## - LOCATION AND ITEM INFORMATION (KOHA)
Withdrawn status [LOCAL, KOHA] 0
Holdings
Permanent Location Date acquired Koha item type Lost status Shelving location Barcode Current Location Full call number
Library Block A2018-03-19សៀវភៅភាសាអង់គ្លេស A008A16946Library Block A590 MOS 1993 A008 Or.
មជ្ឈមណ្ឌលឯការនៃសាកលវិទ្យាល័យភូមិន្ទកសិកម្មចំការដូង

Powered by Koha